000 00303nam a22001337a 4500
020 _a81-8348-000-49
082 _a425
_bSIN/S
100 _aASHOK K SINGH
245 _aSYNONYMS & ANTONYMS
260 _aMEERUT
_bARIHANT PUBLICATION
300 _a386
650 _aSYNONYMS & ANTONYMS
_zINDIA
942 _cBK
999 _c3790
_d3790